ბათუმის შოთა რუსთაველის სახელმწიფო უნივერსიტეტის ბიბლიოთეკა

ინსტიტუციონალური ეკონომიკის ძირითადი პარადიგმები / (ბიბ.ჩანაწერი № 58154)

000 -ლიდერი
ფიქსირებული სიგრძის საკონტროლო ველი 01243nam a22002537a 4500
003 - საკონტროლო ნომრის იდენტიფიკატორი
საკონტროლო ველი Ge_BSU
005 - ბოლო ოპერაციის თარიღი და დრო
საკონტროლო ველი 20210708115403.0
008 - ფიქსირებული სიგრძის მონაცემთა ელემენტები - ზოგადი ინფორმაცია
ფიქსირებული სიგრძის საკონტროლო ველი 210707s2021 ge ||||| |||| 00| 0 geo d
020 ## - წიგნის საერთაშორისო სტანდარტული ნომერი
International Standard Book Number 9789941269721
041 ## - ენის კოდი
Language code of text/sound track or separate title geo
080 ## - უნივერსალური ათობითი კლასიფიკაციის ინდექსი
Universal Decimal Classification number 330 ზ-78
100 ## - მთავარი ჩანაწერი - პიროვნების სახელი
Personal name ზოიძე, გია
9 (RLIN) 12210
245 ## - ცნობა სათაურის შესახებ
Title ინსტიტუციონალური ეკონომიკის ძირითადი პარადიგმები /
Statement of responsibility, etc გია ზოიძე; რედ. თეიმურაზ შენგელია.
264 ## - წარმოების, გამოცემის, დისტრიბუციის და სხვა ცნობები
გამოცემის, წარმოების, დისტრიბუციის... ადგილი თბილისი :
გამოცემის, წარმოების, დისტრიბუციის... სახელწოდება უნივერსალი,
გამოცემის, წარმოების, დისტრიბუციის... თარიღი 2021.
300 ## - ფიზიკური აღწერა
Extent 201 გვ. :
Other physical details ცხრ.;
Dimensions 20 სმ.
500 ## - ზოგადი შენიშვნა
General note პარალ. სათაური ინგლ.
504 ## - BIBLIOGRAPHY, ETC. NOTE
Bibliography, etc ბიბლიოგრ. გვ. 182-193
520 ## - SUMMARY, ETC.
Summary, etc რეზიუმე ქართულ და ინგლ. ენაზე
653 ## - INDEX TERM--UNCONTROLLED
Uncontrolled term ეკონომიკა
653 ## - INDEX TERM--UNCONTROLLED
Uncontrolled term ინსტიტუციონალიზმი
653 ## - INDEX TERM--UNCONTROLLED
Uncontrolled term საქართველო საერთაშორისო რეიტინგებში
700 ## - ADDED ENTRY--PERSONAL NAME
Personal name შენგელია, თეიმურაზ
Relator term რედაქტორი
9 (RLIN) 814
942 ## - ADDED ENTRY ELEMENTS (KOHA)
Source of classification or shelving scheme
Koha item type წიგნი
ეგზემპლარები
ჩამოწერის სტატუსი დაკარგული ეგზემპლარის სტატუსი კლასიფიკაციის წყარო ან თაროზე გაწყობის სქემა დაზიანების სტატუსი არ გაიცემა მუდმივი მდებარეობა (დაცვის ადგილი) ამჟამინდელი ადგილსამყოფელი თაროზე განთავსების ადგილი შეძენის თარიღი ღირებულება, შესყიდვის ნორმალური ფასი სრული შენახვის შიფრი შტრიხკოდი ბოლო ოპერაციის თარიღი ეგზემპლარის მიმდევრობითი ნომერი (კეტერი?) ფასის ძალაში შესვლის თარიღი ეგზემპლარის სახეობა საჯარო შენიშვნა
          ბათუმის შოთა რუსთაველის სახელმწიფო უნივერსიტეტის მთავარი ბიბლიოთეკა ბათუმის შოთა რუსთაველის სახელმწიფო უნივერსიტეტის მთავარი ბიბლიოთეკა წიგნსაცავი 2021-07-07 8.00 330 ზ-78 61423 2021-07-07 61423 2021-07-07 წიგნი 8 ლ.
          ბათუმის შოთა რუსთაველის სახელმწიფო უნივერსიტეტის მთავარი ბიბლიოთეკა ბათუმის შოთა რუსთაველის სახელმწიფო უნივერსიტეტის მთავარი ბიბლიოთეკა წიგნსაცავი 2021-07-07 8.00 330 ზ-78 61424 2021-07-07 61424 2021-07-07 წიგნი 8 ლ.